LEADER 01821nam 2200481 a 450 001 9910697013603321 005 20230902161731.0 035 $a(CKB)5470000002384770 035 $a(OCoLC)673624894 035 $a(EXLCZ)995470000002384770 100 $a20101029d2005 ua 0 101 0 $aeng 135 $aurmn||||||||| 181 $ctxt$2rdacontent 182 $cc$2rdamedia 183 $acr$2rdacarrier 200 00$aReaction control system thruster cracking consultation$b[electronic resource] $eNASA Engineering and Safety Center (NESC) Materials Super Problem Resolution Team (SPRT) findings /$fRebecca A. MacKay ... [and others] 210 1$aCleveland, Ohio :$cNational Aeronautics and Space Administration, Glenn Research Center,$d[2005] 215 $a1 online resource (71 pages) $cillustrations 225 1 $aNASA/TP- ;$v2005-214053 300 $aTitle from title screen (viewed on Oct. 29, 2010). 300 $a"December 2005." 320 $aIncludes bibliographical references (pages 25-26). 410 0$aNASA technical paper ;$v214053. 517 $aReaction control system thruster cracking consultation 606 $aFailure analysis$2nasat 606 $aCrack propagation$2nasat 606 $aHydrogen embrittlement$2nasat 606 $aStress corrosion cracking$2nasat 606 $aSpace Shuttle orbiters$2nasat 615 7$aFailure analysis. 615 7$aCrack propagation. 615 7$aHydrogen embrittlement. 615 7$aStress corrosion cracking. 615 7$aSpace Shuttle orbiters. 701 $aMacKay$b Rebecca A$01401204 712 02$aNASA Glenn Research Center. 801 0$bGPO 801 1$bGPO 906 $aBOOK 912 $a9910697013603321 996 $aReaction control system thruster cracking consultation$93469581 997 $aUNINA